[Event "GER-chT U16"]
[Site "Magdeburg"]
[Date "2019.12.27"]
[Round "1.2"]
[White "Afonso, Nils"]
[Black "Lohvinov, Petro"]
[Result "1-0"]
[WhiteElo "1955"]
[BlackElo "2032"]
[PlyCount "147"]
[EventDate "2019.12.27"]
[EventType "team-swiss"]
[EventRounds "7"]
[EventCountry "GER"]
[SourceTitle "CBM 194 Extra"]
[Source "ChessBase"]
[SourceDate "2020.03.31"]
[SourceVersion "1"]
[SourceVersionDate "2020.03.31"]
[SourceQuality "1"]
[WhiteTeam "Kornwestheim"]
[BlackTeam "Muenchen Suedost"]
[WhiteTeamCountry "GER"]
[BlackTeamCountry "GER"]

1. d4 Nf6 2. c4 g6 3. Nc3 Bg7 4. e4 d6 5. f3 0-0 6. Bg5 c5 7. d5 a6 8. Qd2 Qa5 9. a4 Nbd7 10. Nh3 Ne5 11. Nf2 Qb4 12. a5 b5 13. cxb5 axb5 14. Nxb5 Qxd2+ 15. Bxd2 Ba6 16. Na3 Bxf1 17. Kxf1 Rfb8 18. Bc3 Nh5 19. Ra2 Nf4 20. Bxe5 Bxe5 21. Nc4 Bd4 22. g3 Rb4 23. b3 Bxf2 24. gxf4 Bd4 25. Ra3 Kf8 26. h4 h5 27. Rh2 Ke8 28. Rha2 Ra6 29. Kg2 Rb5 30. e5 Bc3 31. exd6 exd6 32. Rc2 Bd4 33. Kg3 Kd7 34. f5 Rb8 35. Kf4 Bf6 36. Re2 Bxh4 37. fxg6 fxg6 38. Re6 Rf8+ 39. Ke4 Re8 40. Nb6+ Kd8 41. f4 Be1 42. Nc4 Rxe6+ 43. dxe6 Ke7 44. Kd5 h4 45. Ra1 Bg3 46. Rf1 h3 47. f5 gxf5 48. Rxf5 h2 49. Rf7+ Ke8 50. Rh7 Ra7 51. Rh8+ Ke7 52. Ne3 Be5 53. Rh6 Rxa5 54. Nf5+ Kd8 55. Rh7 Ra1 56. Rd7+ Kc8 57. Ne7+ Kb8 58. Kc6 h1Q+ 59. Kb6 Qh8 60. Rb7+ Ka8 61. Nd5 Qd8+ 62. Nc7+ Qxc7+ 63. Rxc7 d5 64. Rc8+ Bb8 65. e7 Re1 66. e8Q Rxe8 67. Rxe8 c4 68. b4 c3 69. b5 c2 70. Rc8 d4 71. Rxc2 Be5 72. Rc8+ Bb8 73. Ka6 d3 74. b6 1-0

[Event "GER-chT U14"]
[Site "Magdeburg"]
[Date "2018.12.28"]
[Round "4.2"]
[White "Afonso, Nils"]
[Black "Schauties, Nico Antonio"]
[Result "1-0"]
[WhiteElo "2012"]
[BlackElo "1916"]
[PlyCount "45"]
[EventDate "2018.12.27"]
[EventType "team-swiss"]
[EventRounds "7"]
[EventCountry "GER"]
[SourceTitle "CBM 188 Extra"]
[Source "ChessBase"]
[SourceDate "2019.02.26"]
[SourceVersion "1"]
[SourceVersionDate "2019.02.26"]
[SourceQuality "1"]
[WhiteTeam "Kornwestheim"]
[BlackTeam "Berlin Mattnetz"]
[WhiteTeamCountry "GER"]
[BlackTeamCountry "GER"]

1. d4 d5 2. c4 e6 3. Nc3 c6 4. e4 dxe4 5. Nxe4 Bb4+ 6. Bd2 Qxd4 7. Bxb4 Qxe4+ 8. Be2 Na6 9. Bd6 Qxg2 10. Qd2 Nf6 11. Bf3 Qg6 12. 0-0-0 Bd7 13. Ne2 h6 14. Rhg1 Qh7 15. Ng3 Ng8 16. Be7 Nb8 17. Bd6 Na6 18. Nh5 g6 19. Be5 0-0-0 20. Nf6 Nxf6 21. Bxf6 Nb8 22. Qa5 Na6 23. Bxc6 1-0

[Event "Deizisau op 13th"]
[Site "Deizisau"]
[Date "2018.10.29"]
[Round "6"]
[White "Lohvinov, Petro"]
[Black "Afonso, Nils"]
[Result "0-1"]
[WhiteElo "2089"]
[BlackElo "1950"]
[PlyCount "76"]
[EventDate "2018.10.26"]
[EventType "swiss"]
[EventRounds "7"]
[EventCountry "GER"]
[SourceTitle "CBM 187 Extra"]
[Source "ChessBase"]
[SourceDate "2018.11.04"]
[SourceVersion "1"]
[SourceVersionDate "2018.11.04"]
[SourceQuality "1"]

1. e4 c5 2. Nf3 Nc6 3. d3 g6 4. g3 Bg7 5. Bg2 e6 6. Nbd2 Nge7 7. c3 d6 8. 0-0 0-0 9. Re1 Qc7 10. Qe2 b6 11. Nf1 Ba6 12. h4 Rad8 13. h5 gxh5 14. N1h2 Ng6 15. Bf4 Nce5 16. Rad1 Nxf4 17. gxf4 Ng6 18. Qd2 Bh6 19. Ng5 Qe7 20. Nh3 e5 21. Qe2 Bxf4 22. Qxh5 Bc8 23. Kh1 Kh8 24. Ng4 Bxg4 25. Qxg4 Rg8 26. Qh5 Nh4 27. Nxf4 exf4 28. Bh3 Rg5 29. Qh6 Rdg8 30. Bf5 Nxf5 31. exf5 Qb7+ 32. Re4 R8g7 33. Rde1 Qd5 34. f3 Qxf5 35. Re8+ Rg8 36. Rxg8+ Rxg8 37. Rg1 Rxg1+ 38. Kxg1 Qg6+ 0-1

[Event "Baden-ch U2000"]
[Site "Walldorf"]
[Date "2017.07.30"]
[Round "7"]
[White "Afonso, Nils"]
[Black "Jacobs, Frank"]
[Result "0-1"]
[WhiteElo "1743"]
[BlackElo "1985"]
[PlyCount "120"]
[EventDate "2017.07.26"]
[EventType "swiss"]
[EventRounds "7"]
[EventCountry "GER"]
[SourceTitle "EXT 2018"]
[Source "ChessBase"]
[SourceDate "2017.10.13"]
[SourceVersion "1"]
[SourceVersionDate "2017.10.13"]
[SourceQuality "1"]

1. d4 Nf6 2. c4 c5 3. d5 e6 4. Nc3 exd5 5. cxd5 d6 6. e4 g6 7. f3 Bg7 8. Bf4 a6 9. Qa4+ Kf8 10. Qa3 Nh5 11. Be3 Nd7 12. g4 Nhf6 13. Bf4 Ne8 14. Nh3 Rb8 15. Rc1 Ne5 16. Be2 b5 17. b4 c4 18. Nf2 Qf6 19. Nh3 Qh4+ 20. Nf2 h5 21. Bg3 Qf6 22. Bxe5 Qxe5 23. f4 Qxf4 24. gxh5 gxh5 25. Ncd1 Bd4 26. Rc2 Nf6 27. Qg3 Qxg3 28. hxg3 Be5 29. g4 h4 30. Ne3 Bg3 31. Bf3 Bd7 32. Nf5 Bxf5 33. gxf5 Nd7 34. Ke2 Ne5 35. Ng4 Nd3 36. a3 Re8 37. Ke3 Kg7 38. Kd4 f6 39. Rg2 Reg8 40. Be2 Nf4 41. Bf3 Kf7 42. Rgg1 Ke7 43. Kc3 Nd3 44. Kc2 Kf7 45. Be2 Rxg4 46. Bxg4 Nf2 47. Rxg3 Nxh1 48. Rg2 Rg8 49. Bh5+ Kf8 50. Bg6 Ng3 51. Rh2 Rh8 52. Kc3 h3 53. e5 dxe5 54. d6 Ne4+ 55. Kc2 Nxd6 56. Kd1 Ne4 57. Ke2 Ng5 58. Ke3 Ke7 59. Kf2 Rd8 60. Kg3 Rd3+ 0-1